000 01219cam a2200349 a 4500
001 014932905
003 Uk
005 20131111112928.0
006 a|||||r|||| 00| 0
007 ta
008 080902s2010 enk rb 001 0 eng d
010 _a2008038546
015 _aGBA928722
_2bnb
020 _a1405154950 (pbk.)
020 _a9781405154956 (pbk.)
082 0 0 _a320.5
_222
_bVIN
100 1 _aVincent, Andrew.
_934328
245 1 0 _aModern political ideologies /
_cAndrew Vincent.
250 _a3rd ed.
260 _aOxford :
_bWiley-Blackwell,
_c2010.
300 _ax, 382 p. ;
_c25 cm.
504 _aIncludes bibliographical references (p. [343]-370) and index.
505 0 _aThe nature of ideology -- Liberalism -- Conservatism -- Socialism -- Anarchism -- Fascism -- Feminism -- Ecologism -- Nationalism -- Fundamentalism -- Icons and iconoclasm.
650 0 _aPolitical science.
_934329
650 0 _aRight and left (Political science)
_934330
650 0 _aIdeology.
_934331
653 _bPol
_cOctober2013
653 _bPol
_cNovember2013
655 _vreading book
_934232
856 4 1 _3Table of contents only
_uhttp://www.loc.gov/catdir/toc/ecip0827/2008038546.html
942 _2ddc
_cBB
999 _c17720
_d17692